[Event "11. Senioren Team Europameiste"]
[Site "Velden - Casino"]
[Date "2009.04.05"]
[Round "1"]
[Board "3"]
[White "Nilsen, Kai"]
[Black "Siegmund, Rainer"]
[Result "0-1"]
[WhiteElo "1877"]
[BlackElo "2140"]
[PlyCount "46"]
[EventDate "2009.04.05"]
[EventType "team"]
[EventRounds "9"]
[EventCountry "AUT"]
[WhiteTeam "Norwegen 4"]
[BlackTeam "Stiftung Bahn-Sozialwerk/DBAG I"]

1.e4 c5 2.Nf3 Nc6 3.d4 cxd4 4.Nxd4 Nf6 5.Nc3 e5 6.Ndb5 d6 7.Bg5 a6 8.Na3 b5
9.Nd5 Be7 10.Bxf6 Bxf6 11.Nxf6+ Qxf6 12.Qd5 Bb7 13.f3 O-O 14.Rd1 Rfd8 15.Qd2 Nd4
16.c3 Ne6 17.Qf2 d5 18.exd5 Bxd5 19.c4 bxc4 20.Bxc4 Bxc4 21.Rxd8+ Qxd8 22.Nxc4
Qd3 23.Nd2 Rc8

[Event "11. Senioren Team Europameiste"]
[Site "Velden - Casino"]
[Date "2009.04.05"]
[Round "1"]
[Board "1"]
[White "Rasmussen, Lars-Bo"]
[Black "Jamieson, Peter M"]
[Result "1/2-1/2"]
[WhiteElo "2057"]
[BlackElo "2288"]
[PlyCount "111"]
[EventDate "2009.04.05"]
[EventType "team"]
[EventRounds "9"]
[EventCountry "AUT"]
[WhiteTeam "Luxemburg"]
[BlackTeam "Scotland"]

1.d4 Nf6 2.c4 g6 3.Nc3 Bg7 4.e4 O-O 5.Be2 d6 6.Be3 e5 7.d5 c6 8.h3 cxd5 9.cxd5
a6 10.Nf3 Nbd7 11.Nd2 Ne8 12.g4 b5 13.a3 Nb6 14.Rc1 Bd7 15.h4 Rb8 16.h5 Bf6
17.b4 Bg5 18.Nf1 Bxe3 19.Nxe3 Qg5 20.Qd2 Nf6 21.h6 Rbc8 22.f3 Rc7 23.Nf1 Qf4
24.Qxf4 exf4 25.Kd2 Rfc8 26.Nh2 g5 27.Na2 Kf8 28.Rc3 Ng8 29.Nf1 Ne7 30.Kd3 Ng6
31.Nd2 Ne5+ 32.Kd4 Na4 33.Rxc7 Rxc7 34.Rc1 Rxc1 35.Nxc1 Nb6 36.Ncb3 f6 37.Kc3
Kf7 38.Nd4 Kg6 39.N2b3 Na4+ 40.Kc2 Kxh6 41.Na5 Nb6 42.Nb7 Nbc4 43.a4 Kg6 44.Kc3
h5 45.gxh5+ Kxh5 46.axb5 axb5 47.Na5 Kh4 48.Nxc4 bxc4 49.b5 Kg3 50.b6 Bc8
51.Nf5+ Kf2 52.Nxd6 Kxe2 53.Nxc8 Nd7 54.b7 g4 55.Nb6 Nb8 56.d6

[Event "11. Senioren Team Europameiste"]
[Site "Velden - Casino"]
[Date "2009.04.05"]
[Round "1"]
[Board "2"]
[White "White, Alastair F"]
[Black "Feller, Josy"]
[Result "1/2-1/2"]
[WhiteElo "2052"]
[BlackElo "2214"]
[PlyCount "56"]
[EventDate "2009.04.05"]
[EventType "team"]
[EventRounds "9"]
[EventCountry "AUT"]
[WhiteTeam "Scotland"]
[BlackTeam "Luxemburg"]

1.e4 c5 2.Nf3 Nf6 3.e5 Nd5 4.Nc3 e6 5.Ne4 f5 6.exf6 Nxf6 7.Nxf6+ Qxf6 8.d4 cxd4
9.Qxd4 Nc6 10.Qxf6 gxf6 11.c3 d5 12.Be3 e5 13.O-O-O Be6 14.Bb5 a6 15.Ba4 Rg8
16.Bb3 O-O-O 17.Nh4 Be7 18.Rhe1 f5 19.Nf3 e4 20.Bb6 Rd6 21.Bc5 Rd7 22.Bxe7 Rxe7
23.Nh4 Rd8 24.f4 Rc7 25.g3 b5 26.Ng2 Na5 27.Rd4 Rd6 28.Ne3 Nxb3+

[Event "11. Senioren Team Europameiste"]
[Site "Velden - Casino"]
[Date "2009.04.05"]
[Round "1"]
[Board "4"]
[White "Flockhart, Hugh"]
[Black "Blaeser, Roman"]
[Result "1/2-1/2"]
[WhiteElo "1895"]
[BlackElo "2235"]
[PlyCount "59"]
[EventDate "2009.04.05"]
[EventType "team"]
[EventRounds "9"]
[EventCountry "AUT"]
[WhiteTeam "Scotland"]
[BlackTeam "Luxemburg"]

1.e4 g6 2.d4 Bg7 3.Nc3 d6 4.Be3 a6 5.Bd3 Nd7 6.Nf3 b6 7.O-O c5 8.Re1 e6 9.Ne2
cxd4 10.Bxd4 e5 11.Be3 Nc5 12.Nc3 Ne7 13.Bf1 Bb7 14.Nd2 b5 15.a3 O-O 16.f3 Qc7
17.Bd3 d5 18.Bf2 Rad8 19.Qe2 Rd7 20.Rad1 d4 21.Ncb1 Ne6 22.g3 Nc6 23.Nb3 f5
24.c3 dxc3 25.Nxc3 Ned4 26.Nxd4 Nxd4 27.Bxd4 exd4 28.Nd5 Bxd5 29.exd5 Qd6 30.a4

[Event "11. Senioren Team Europameiste"]
[Site "Velden - Casino"]
[Date "2009.04.05"]
[Round "1"]
[Board "1"]
[White "Perman, Torvald"]
[Black "James, Geoffrey H"]
[Result "1/2-1/2"]
[WhiteElo "2048"]
[BlackElo "2199"]
[PlyCount "63"]
[EventDate "2009.04.05"]
[EventType "team"]
[EventRounds "9"]
[EventCountry "AUT"]
[WhiteTeam "Turku"]
[BlackTeam "England 1"]

1.c4 e5 2.Nc3 Nf6 3.g3 Bb4 4.Bg2 Bxc3 5.bxc3 d6 6.d3 O-O 7.Nh3 Nbd7 8.e4 Nc5
9.O-O Bd7 10.f4 Qc8 11.f5 Ba4 12.Qe2 b5 13.cxb5 Bxb5 14.c4 Bc6 15.g4 h6 16.g5
hxg5 17.Bxg5 Ncd7 18.Nf2 Re8 19.Ng4 Kf8 20.Nxf6 Nxf6 21.Bf3 Ke7 22.Rab1 Rb8
23.Rfc1 Qa6 24.Qc2 Qa5 25.Be3 Ba4 26.Qd2 Qxd2 27.Bxd2 c5 28.Bg5 Rh8 29.d4 Bc6
30.h4 Bd7 31.Kf2 Bc6 32.Ke3

[Event "11. Senioren Team Europameiste"]
[Site "Velden - Casino"]
[Date "2009.04.05"]
[Round "1"]
[Board "3"]
[White "Lehtosaari, Kalevi"]
[Black "Scholes, James E"]
[Result "1/2-1/2"]
[WhiteElo "2031"]
[BlackElo "2110"]
[PlyCount "93"]
[EventDate "2009.04.05"]
[EventType "team"]
[EventRounds "9"]
[EventCountry "AUT"]
[WhiteTeam "Turku"]
[BlackTeam "England 1"]

1.Nf3 c5 2.c4 d6 3.Nc3 e5 4.e3 f5 5.d3 Nf6 6.Be2 g6 7.O-O Bg7 8.Nd2 O-O 9.Nb3
Nc6 10.d4 b6 11.Bf3 e4 12.Be2 Bb7 13.Nd5 a6 14.Nc3 Rc8 15.a4 Kh8 16.a5 cxd4
17.Nxd4 Nxd4 18.exd4 Nd7 19.Bf4 Qf6 20.Qd2 g5 21.Bxg5 Qg6 22.g3 f4 23.Bxf4 Rf5
24.Be3 bxa5 25.Nd5 Bxd5 26.cxd5 Nf6 27.Rxa5 Nxd5 28.Rxa6 h5 29.b4 h4 30.b5 Rf3
31.Rc1 Rcf8 32.Bxf3 exf3 33.Kh1 hxg3 34.fxg3 f2 35.Bxf2 Bh6 36.Qc2 Qg4 37.Rf1
Qf3+ 38.Kg1 Ne3 39.Qc6 Qe2 40.Raa1 Nxf1 41.Rxf1 Be3 42.Qg2 Rxf2 43.Rxf2 Qe1+
44.Qf1 Bxf2+ 45.Kg2 Qxf1+ 46.Kxf1 Bxd4 47.Ke2

[Event "11. Senioren Team Europameiste"]
[Site "Velden - Casino"]
[Date "2009.04.05"]
[Round "1"]
[Board "1"]
[White "Happel, Henk"]
[Black "Birkestrand, Odd"]
[Result "1-0"]
[WhiteElo "2177"]
[BlackElo "1859"]
[PlyCount "105"]
[EventDate "2009.04.05"]
[EventType "team"]
[EventRounds "9"]
[EventCountry "AUT"]
[WhiteTeam "Koeniglicher Schachverein D.D."]
[BlackTeam "Norwegen 3"]

1.d4 Nf6 2.c4 c5 3.d5 b5 4.cxb5 g6 5.Nc3 a6 6.bxa6 Bxa6 7.Nf3 d6 8.g3 Bg7 9.Bg2
O-O 10.O-O Nbd7 11.Rb1 Ng4 12.Qc2 Qb6 13.b3 Rfb8 14.h3 Nge5 15.Kh2 Nxf3+ 16.Bxf3
Qb7 17.Re1 Qc7 18.Bd2 Rb7 19.Na4 Rab8 20.Rbc1 Rc8 21.Nb2 Ne5 22.Bg2 Qb6 23.f4
Nd7 24.Nc4 Bxc4 25.Qxc4 Ra8 26.Rc2 Rba7 27.a4 Rb8 28.Rb1 Qa6 29.a5 Qxc4 30.Rxc4
Rab7 31.b4 cxb4 32.Rcxb4 Rxb4 33.Rxb4 Rxb4 34.Bxb4 Bd4 35.Be4 Nc5 36.Bd3 Nxd3
37.exd3 Kf8 38.Kg2 Ke8 39.Kf3 Kd7 40.Ke4 Ba7 41.f5 Ke8 42.Bc3 Kd7 43.fxg6 fxg6
44.Bd4 Bxd4 45.Kxd4 Kc7 46.Kc4 Kb8 47.Kb5 Kb7 48.a6+ Ka7 49.h4 h6 50.g4 Ka8
51.Kb6 Kb8 52.Kc6 g5 53.h5

[Event "11. Senioren Team Europameiste"]
[Site "Velden - Casino"]
[Date "2009.04.05"]
[Round "1"]
[Board "2"]
[White "Wicklund-Hansen, Richard"]
[Black "Dickhoff, Ronald"]
[Result "1/2-1/2"]
[WhiteElo "1840"]
[BlackElo "2149"]
[PlyCount "65"]
[EventDate "2009.04.05"]
[EventType "team"]
[EventRounds "9"]
[EventCountry "AUT"]
[WhiteTeam "Norwegen 3"]
[BlackTeam "Koeniglicher Schachverein D.D."]

1.e4 e6 2.d3 d5 3.Nd2 Nf6 4.exd5 exd5 5.d4 Bd6 6.Ngf3 O-O 7.Be2 Nbd7 8.O-O Re8
9.Re1 Nf8 10.Nf1 Ng6 11.Bg5 h6 12.Bxf6 Qxf6 13.Ne3 Nf4 14.Bf1 Bd7 15.Qd2 c6
16.c4 Re4 17.cxd5 cxd5 18.Rad1 Rc8 19.Ne5 Bxe5 20.dxe5 Rxe5 21.Be2 Nxe2+ 22.Rxe2
Qe6 23.h3 Bc6 24.Qd4 a6 25.Red2 Re4 26.Qc3 d4 27.Rxd4 Qxa2 28.Nf5 Rxd4 29.Qxd4
f6 30.Qg4 g5 31.Nxh6+ Kg7 32.Nf5+ Kg6 33.Nh4+

[Event "11. Senioren Team Europameiste"]
[Site "Velden - Casino"]
[Date "2009.04.05"]
[Round "1"]
[Board "3"]
[White "Lindner, Jan-Joost"]
[Black "Bue, Gunnar"]
[Result "1-0"]
[WhiteElo "2165"]
[BlackElo "1817"]
[PlyCount "49"]
[EventDate "2009.04.05"]
[EventType "team"]
[EventRounds "9"]
[EventCountry "AUT"]
[WhiteTeam "Koeniglicher Schachverein D.D."]
[BlackTeam "Norwegen 3"]

1.f4 c5 2.Nf3 Nc6 3.e3 e6 4.Be2 Be7 5.O-O Nf6 6.d3 d5 7.Qe1 O-O 8.Nc3 a6 9.e4 d4
10.Nd1 b5 11.Nf2 Bb7 12.g4 h5 13.g5 Ng4 14.Nxg4 hxg4 15.Nh4 f5 16.Ng6 Kf7
17.Nxf8 Qxf8 18.Rf2 g6 19.Bf1 Qh8 20.Re2 Re8 21.Bg2 Nd8 22.Bd2 Bd6 23.Qf2 fxe4
24.dxe4 d3 25.Bc3

[Event "11. Senioren Team Europameiste"]
[Site "Velden - Casino"]
[Date "2009.04.05"]
[Round "1"]
[Board "4"]
[White "Ludvigsen, Jan"]
[Black "Vink, Wim"]
[Result "1/2-1/2"]
[WhiteElo "1785"]
[BlackElo "2014"]
[PlyCount "78"]
[EventDate "2009.04.05"]
[EventType "team"]
[EventRounds "9"]
[EventCountry "AUT"]
[WhiteTeam "Norwegen 3"]
[BlackTeam "Koeniglicher Schachverein D.D."]

1.e4 c6 2.d4 d5 3.Nc3 dxe4 4.Nxe4 Bf5 5.Ng3 Bg6 6.Nf3 Nd7 7.h4 h6 8.h5 Bh7 9.Bd3
Bxd3 10.Qxd3 Ngf6 11.Bf4 e6 12.O-O-O Nd5 13.Bd2 Qc7 14.Rhe1 O-O-O 15.Kb1 Bd6
16.Ne4 N7f6 17.Nxd6+ Qxd6 18.Ne5 Rhf8 19.g4 Nc7 20.Bf4 Qe7 21.Qg3 Nfd5 22.Bd2
Nb6 23.a3 Rxd4 24.Bb4 Rxd1+ 25.Rxd1 c5 26.Ba5 Rd8 27.Rxd8+ Kxd8 28.Bxb6 axb6
29.Qf3 f6 30.Qd3+ Kc8 31.Nc4 Nd5 32.Qg3 Qc7 33.Qd3 b5 34.Nd2 c4 35.Qe2 Qd7
36.Ne4 b6 37.Ng3 Kb7 38.Qe4 Qd6 39.Ne2 Kc8

[Event "11. Senioren Team Europameiste"]
[Site "Velden - Casino"]
[Date "2009.04.05"]
[Round "1"]
[Board "1"]
[White "Sandklef, Ake"]
[Black "Sorensen, Bent"]
[Result "1-0"]
[WhiteElo "2029"]
[BlackElo "2194"]
[PlyCount "49"]
[EventDate "2009.04.05"]
[EventType "team"]
[EventRounds "9"]
[EventCountry "AUT"]
[WhiteTeam "Schweden III"]
[BlackTeam "Danmark 2"]

1.d4 Nf6 2.c4 e6 3.Nc3 Bb4 4.e3 b6 5.Nge2 Bb7 6.a3 Bxc3+ 7.Nxc3 O-O 8.f3 c5 9.d5
Nh5 10.Qc2 f5 11.Bd3 Qh4+ 12.Qf2 Qe7 13.Bd2 d6 14.dxe6 Qxe6 15.O-O Nd7 16.b3 Ne5
17.Bc2 Rad8 18.e4 fxe4 19.Nxe4 h6 20.Rae1 d5 21.Ng3 dxc4 22.Nxh5 cxb3 23.Qg3 Rf7
24.Rxe5 Qc6 25.Be4

[Event "11. Senioren Team Europameiste"]
[Site "Velden - Casino"]
[Date "2009.04.05"]
[Round "1"]
[Board "2"]
[White "Nielsen, Poul Erik"]
[Black "Ohrn, Stellan"]
[Result "1-0"]
[WhiteElo "2110"]
[BlackElo "2008"]
[PlyCount "101"]
[EventDate "2009.04.05"]
[EventType "team"]
[EventRounds "9"]
[EventCountry "AUT"]
[WhiteTeam "Danmark 2"]
[BlackTeam "Schweden III"]

1.d4 Nf6 2.c4 c5 3.Nf3 cxd4 4.Nxd4 e6 5.Nc3 Nc6 6.e3 Bb4 7.Qb3 Ne4 8.Bd3 Nc5
9.Qc2 Nxd3+ 10.Qxd3 d5 11.Nxc6 bxc6 12.a3 Be7 13.cxd5 cxd5 14.O-O O-O 15.Rd1 Bb7
16.b4 Rc8 17.Bb2 Bf6 18.Rab1 Bc6 19.Ne2 Bxb2 20.Rxb2 Qb6 21.Nd4 Rc7 22.b5 Bb7
23.Qd2 Rfc8 24.a4 e5 25.a5 Qg6 26.Nf3 d4 27.Ne1 Rc4 28.f3 Qd6 29.Qe2 Qc5 30.Nd3
Qc7 31.exd4 Rxd4 32.Rbd2 f6 33.Nf2 Qxa5 34.Rxd4 exd4 35.Qe6+ Kh8 36.Qd7 Qb6
37.Rxd4 Rc1+ 38.Rd1 Rxd1+ 39.Qxd1 Kg8 40.Qe2 Kf8 41.g3 Qd4 42.Kg2 Bd5 43.Qc2 Kg8
44.Qc8+ Kf7 45.Qd7+ Kg6 46.Qe8+ Kh6 47.h3 f5 48.g4 g6 49.Qf8+ Kg5 50.h4+ Kf4
51.Qh6+

[Event "11. Senioren Team Europameiste"]
[Site "Velden - Casino"]
[Date "2009.04.05"]
[Round "1"]
[Board "3"]
[White "Nystrom, Ragnar"]
[Black "Olesen, Poul Erik Norgaard"]
[Result "0-1"]
[WhiteElo "1971"]
[BlackElo "2039"]
[PlyCount "102"]
[EventDate "2009.04.05"]
[EventType "team"]
[EventRounds "9"]
[EventCountry "AUT"]
[WhiteTeam "Schweden III"]
[BlackTeam "Danmark 2"]

1.d4 Nf6 2.c4 g6 3.Nc3 Bg7 4.e4 d6 5.Bg5 c5 6.d5 h6 7.Bf4 Na6 8.f3 Nc7 9.Qd2 a6
10.g4 Rb8 11.g5 hxg5 12.Bxg5 b5 13.h4 Bd7 14.Nge2 bxc4 15.Ng3 Nb5 16.Bxc4 Nxc3
17.bxc3 Nh5 18.Ne2 Bb5 19.Qd3 Qc8 20.Bd2 Bxc4 21.Qxc4 Rb2 22.Qa4+ Kf8 23.O-O-O
Qb7 24.Qa3 Rb5 25.Kc2 Kg8 26.Rb1 Kh7 27.c4 Rxb1 28.Rxb1 Qc8 29.Rb6 Qh3 30.Qb3
Qh2 31.Qd3 Ra8 32.Qe3 Qxh4 33.Rb7 Kg8 34.Bc3 Bxc3 35.Nxc3 Qh2+ 36.Kb3 Qe5 37.Ne2
Nf6 38.Rb6 Kg7 39.Ka3 Rh8 40.Rxa6 Rb8 41.Nc3 Nd7 42.Nb5 Nb6 43.Kb3 Nxd5 44.Qd2
Nb4 45.Ra7 Nc6 46.Ra6 Nd4+ 47.Ka4 Nxf3 48.Qd3 Qb2 49.a3 Ne5 50.Qb3 Qxb3+ 51.Kxb3
g5

[Event "11. Senioren Team Europameiste"]
[Site "Velden - Casino"]
[Date "2009.04.05"]
[Round "1"]
[Board "2"]
[White "Fernengel, Rudolf"]
[Black "Rychlik, Kurt"]
[Result "1/2-1/2"]
[WhiteElo "1736"]
[BlackElo "2085"]
[PlyCount "97"]
[EventDate "2009.04.05"]
[EventType "team"]
[EventRounds "9"]
[EventCountry "AUT"]
[WhiteTeam "Stiftung Bahn-Sozialwerk/DBAG II"]
[BlackTeam "Widukind"]

1.d4 g6 2.c3 d5 3.Bf4 Bg7 4.e3 Nf6 5.Be2 Nbd7 6.Nd2 O-O 7.Ngf3 Nh5 8.Bg5 h6
9.Bh4 f5 10.Ne5 Bxe5 11.Bxh5 g5 12.dxe5 gxh4 13.f4 Nc5 14.Qe2 Kh7 15.Nf3 e6
16.Nd4 Bd7 17.Bf3 Rg8 18.Nb3 Nxb3 19.axb3 c6 20.Qf2 a5 21.Ra3 b5 22.Ra1 Be8
23.Qd2 Qe7 24.b4 a4 25.Qd4 Bd7 26.Kf2 Rgc8 27.Be2 Be8 28.Rhd1 Rc7 29.Ra3 Rb8
30.Raa1 c5 31.bxc5 Rxc5 32.Qb4 Qc7 33.Rd4 Ra8 34.Qa3 Rb8 35.Rad1 Rc8 36.R1d2 Bg6
37.Rb4 Be8 38.Qa1 Ra8 39.Qa3 Bd7 40.Rd1 Rg8 41.Rbd4 Be8 42.Qb4 Rg7 43.Ra1 Qc8
44.Qa3 Bd7 45.Qa2 Qg8 46.Bf3 Be8 47.Rg1 h3 48.Qa3 Rgc7 49.Qa1 {and draw after
some more moves!}

[Event "11. Senioren Team Europameiste"]
[Site "Velden - Casino"]
[Date "2009.04.05"]
[Round "1"]
[Board "3"]
[White "Perk, Egbert"]
[Black "Kalmutzki, Manfred"]
[Result "0-1"]
[WhiteElo "2066"]
[BlackElo "1975"]
[PlyCount "82"]
[EventDate "2009.04.05"]
[EventType "team"]
[EventRounds "9"]
[EventCountry "AUT"]
[WhiteTeam "Widukind"]
[BlackTeam "Stiftung Bahn-Sozialwerk/DBAG II"]

1.d4 d5 2.Nf3 e6 3.c4 c6 4.e3 f5 5.Be2 Nf6 6.O-O Bd6 7.b3 Nbd7 8.Ba3 Qe7 9.Bxd6
Qxd6 10.Nc3 Ne4 11.Qc2 O-O 12.Nd2 Ndf6 13.f3 Nxd2 14.Qxd2 e5 15.cxd5 cxd5 16.Nb5
Qe7 17.Rac1 e4 18.Rc7 Qe6 19.Rfc1 a6 20.Na3 Rf7 21.f4 Rxc7 22.Rxc7 Ne8 23.Rc5
Qd6 24.b4 Be6 25.Qc3 Kf8 26.Bd1 Bd7 27.Bb3 Bc6 28.b5 axb5 29.Nxb5 Qd7 30.a4 Nf6
31.Qc1 Ra5 32.Nd6 Rxc5 33.Qxc5 Qe7 34.Nb5 Qxc5 35.dxc5 Nd7 36.Nd4 Nxc5 37.Nxc6
bxc6 38.Bc2 Nb7 39.Kf2 Ke7 40.Ke2 Kd6 41.Kd2 Na5

[Event "11. Senioren Team Europameiste"]
[Site "Velden - Casino"]
[Date "2009.04.05"]
[Round "1"]
[Board "1"]
[White "Kopinits, Silvia"]
[Black "Ghijsen, Pim"]
[Result "0-1"]
[WhiteElo "1717"]
[BlackElo "2165"]
[PlyCount "96"]
[EventDate "2009.04.05"]
[EventType "team"]
[EventRounds "9"]
[EventCountry "AUT"]
[WhiteTeam "Kaernten Damen"]
[BlackTeam "V.A.S. Amsterdam"]

1.d4 Nf6 2.Nf3 d5 3.c3 c6 4.Bf4 g6 5.h3 Bg7 6.Nbd2 O-O 7.e3 Qb6 8.Qb3 Bf5 9.Be2
Nbd7 10.O-O Rfe8 11.a4 h6 12.a5 Qxb3 13.Nxb3 a6 14.Ne5 Bf8 15.Nd2 Nxe5 16.Bxe5
Nd7 17.Bh2 g5 18.f4 gxf4 19.Rxf4 Bg6 20.Rf2 c5 21.g4 e6 22.Nf3 Be7 23.Bg3 Nf6
24.Be5 Ne4 25.Rg2 f6 26.Bf4 Ng5 27.Nxg5 hxg5 28.Bc7 Kg7 29.Re1 Rac8 30.Bb6 Be4
31.Rf2 Rh8 32.Bf1 Bd6 33.Rd2 c4 34.Bg2 Bxg2 35.Kxg2 f5 36.gxf5 exf5 37.Rh1 Rce8
38.Re2 Kg6 39.Ree1 Rh4 40.Bc5 Bc7 41.Bb6 Bxb6 42.axb6 Rhe4 43.Kf2 R8e6 44.Rhg1
Rxb6 45.Re2 Rbe6 46.Rge1 Kh5 47.Kg3 f4+ 48.Kf3 Rxe3+

[Event "11. Senioren Team Europameiste"]
[Site "Velden - Casino"]
[Date "2009.04.05"]
[Round "1"]
[Board "2"]
[White "Oud, Niek"]
[Black "Leitner, Renate"]
[Result "1-0"]
[WhiteElo "2022"]
[BlackElo "1635"]
[PlyCount "51"]
[EventDate "2009.04.05"]
[EventType "team"]
[EventRounds "9"]
[EventCountry "AUT"]
[WhiteTeam "V.A.S. Amsterdam"]
[BlackTeam "Kaernten Damen"]

1.d4 d5 2.c4 Nf6 3.cxd5 Nxd5 4.e4 Nf6 5.Nc3 e6 6.Nf3 Bb4 7.Bd3 Bxc3+ 8.bxc3 O-O
9.Bg5 h6 10.Bh4 g5 11.Nxg5 hxg5 12.Bxg5 Nbd7 13.e5 Kg7 14.Qf3 Rb8 15.exf6+ Nxf6
16.Bxf6+ Qxf6 17.Qg4+ Kh6 18.Qh3+ Kg5 19.g3 Qh8 20.Qg2 b6 21.O-O f5 22.Qc6 Qh7
23.Rfe1 Qf7 24.Re5 Re8 25.h4+ Kg4 26.Be2+